01789nas a2200229Ia 4500001001100000003001000011008004100021040002500062041001300087100001100100210001600111222001600127245011400143250001100257260002100268310001200289362001800301500054800319501011400867520054800981650003001529R053-S7859IT-CnALBA170116c99999999xx |||||||||||| ||und|| aIT-CnALBAcIT-CnALBA aITALIANO aAA.VV. aBELL'ITALIA aBELL'ITALIA 0aBELL'ITALIA. GEOGRAFIA. AGOSTO 2004. ALTO ADIGE. DOLOMITI VAL DI TIRES. SARDEGNA. ALGHERO CAPITALE DEL MARE.  a1a ed. aS.C.bS.e.c2004 aMENSILE aAGOSTO (2004) aSANTA MARGHERITA, VILLA DURAZZO . BURANO COLORI IN LAGUNA. ROMA IL NOVECENTO ALLA GALLERIA D'ARTE MODERNA. C. MIGLIAVACCA. AGOSTINI D. BOTTONELLI F. SGARBI V. SAMPIETRO E. DI DOMENICO C. DE BISSI P. DOLOMITI IL SET CATENACCIO. VALLO DI NERA PERUGIA. BORGO CASTELLO. SUMMER JAMBORE A SENIGALLIA. LUCE E POESIA NELLA VENEZIA. GALATA, IL MUSEO DEL MARE. ITINERARIO E INTRATERRA ROMAGNOLO. COLLINE UMBRIA. RELAX CASALE ''400. VIAREGGIO CUCINA CARA A PUCCINI. LETTERE DI ITALIA. BOLOGNA AI PIEDI DEGLI ASINELLI. SPORT OCCASIONI. ITALIA DA LEGGERE.  aSocietà San Paolo EM - Piazza San Paolo, 14 - 12051 ALBA (CN) (non commercial uses only) ® Copyright 2017 aSANTA MARGHERITA, VILLA DURAZZO . BURANO COLORI IN LAGUNA. ROMA IL NOVECENTO ALLA GALLERIA D'ARTE MODERNA. C. MIGLIAVACCA. AGOSTINI D. BOTTONELLI F. SGARBI V. SAMPIETRO E. DI DOMENICO C. DE BISSI P. DOLOMITI IL SET CATENACCIO. VALLO DI NERA PERUGIA. BORGO CASTELLO. SUMMER JAMBORE A SENIGALLIA. LUCE E POESIA NELLA VENEZIA. GALATA, IL MUSEO DEL MARE. ITINERARIO E INTRATERRA ROMAGNOLO. COLLINE UMBRIA. RELAX CASALE ''400. VIAREGGIO CUCINA CARA A PUCCINI. LETTERE DI ITALIA. BOLOGNA AI PIEDI DEGLI ASINELLI. SPORT OCCASIONI. ITALIA DA LEGGERE.  aSCIENZE UMANE E RELIGIOSE